| 000 | 00815nam a2200277 a 4500 | ||
|---|---|---|---|
| 001 | vtls000118959 | ||
| 003 | NLI | ||
| 005 | 20210601204502.0 | ||
| 008 | 101125s1981 ch 000 0 eng | ||
| 039 | 9 |
_y201011251309 _zVLOAD |
|
| 040 |
_aNLI _beng _cDataSoft _eAACR2 |
||
| 041 | 0 | _aeng | |
| 044 | _ach | ||
| 082 | 0 | 4 | _a329.951 |
| 110 | 2 |
_aCommunist Party of China _9226718 |
|
| 245 | 1 | 0 |
_aResolution on CPC history : _b1949-81 / _cCommunist Party of China |
| 260 |
_aBeijing : _b[s.n.] , _c1981 |
||
| 300 |
_a126 p. ; _c19 cm. |
||
| 650 | 0 |
_aCommunist parties _zChina _y1949-1981 _9244838 |
|
| 650 | 0 |
_aCommunism _zChina _y1949-1981 _9244839 |
|
| 887 | _a | ||
| 901 |
_aG32595 _b02.05.1986 |
||
| 902 | _aE329.951 C737r | ||
| 949 |
_AVIRTUAITEM _D10000 _X100 _6GXX000032595ENG |
||
| 942 |
_2ddc _cBKS |
||
| 999 |
_aVIRTUA00 _c123733 _d123733 |
||